[Event "Sherbrooke-op C"]
[Site "Sherbrooke CAN"]
[Date "2005.05.28"]
[Round "3"]
[White "Beauchesne, Jonathan"]
[Black "Fournier, Mathieu"]
[Result "1/2-1/2"]
[WhiteElo "1233"]
[BlackElo "1196"]
[PlyCount "104"]
[GameId "2160767910968189"]
[EventDate "2005.05.27"]
[EventType "swiss"]
[EventRounds "5"]
[EventCountry "CAN"]
[SourceTitle "CBM 106 Extra"]
[Source "ChessBase"]
[SourceDate "2005.07.01"]
[SourceVersion "1"]
[SourceVersionDate "2005.07.01"]
[SourceQuality "1"]

1. e4 c5 2. d4 cxd4 3. c3 e5 4. cxd4 exd4 5. Nf3 Nc6 6. Nxd4 Bc5 7. Nxc6 bxc6 8. Bc4 Ne7 9. O-O O-O 10. Nc3 Bb7 11. Qg4 Kh8 12. Rd1 Bc8 13. Qh5 Bb6 14. Bf4 Bc7 15. Bd6 Bxd6 16. Rxd6 Qe8 17. Rad1 f6 18. Qxe8 Rxe8 19. Na4 Ng6 20. Nc5 Nf8 21. f3 a5 22. a4 Re5 23. Nd3 Re7 24. Rc1 h6 25. Nc5 Re5 26. Bf7 Rb8 27. b3 Re7 28. Bh5 Ra8 29. Bg4 Kg8 30. Rcd1 Ra7 31. f4 Rc7 32. Kf2 Rf7 33. g3 g6 34. R1d4 Kg7 35. b4 f5 36. exf5 gxf5 37. Be2 axb4 38. Rxb4 Ne6 39. Nxe6+ dxe6 40. Rc4 c5 41. Rc2 Kf6 42. Bb5 Bb7 43. a5 Ke7 44. Rb6 Rf8 45. Bc4 Rf6 46. a6 Bd5 47. Rb4 Kd6 48. Ra4 Rff7 49. Ke3 Rf8 50. Rc1 Ra8 51. Kd3 Rc6 52. Rca1 Ra7 1/2-1/2

[Event "Sherbrooke-op C"]
[Site "Sherbrooke CAN"]
[Date "2005.05.28"]
[Round "3"]
[White "Ben Ali, Amine"]
[Black "Breton, Jules"]
[Result "1-0"]
[WhiteElo "1432"]
[BlackElo "1373"]
[PlyCount "64"]
[GameId "2160767910968190"]
[EventDate "2005.05.27"]
[EventType "swiss"]
[EventRounds "5"]
[EventCountry "CAN"]
[SourceTitle "CBM 106 Extra"]
[Source "ChessBase"]
[SourceDate "2005.07.01"]
[SourceVersion "1"]
[SourceVersionDate "2005.07.01"]
[SourceQuality "1"]

1. e4 c5 2. Nf3 e6 3. Nc3 d6 4. d4 cxd4 5. Qxd4 Nc6 6. Bb5 Bd7 7. Bxc6 Bxc6 8. O-O Qc7 9. Bg5 f6 10. Bd2 g5 11. Qc4 Qd7 12. Be3 b5 13. Qd3 b4 14. Ne2 Nh6 15. h3 Nf7 16. c3 a5 17. cxb4 axb4 18. Qd4 Bg7 19. Qxb4 O-O 20. Ng3 Rfb8 21. Qd2 f5 22. Bd4 e5 23. Bc3 f4 24. Nh5 g4 25. Nh2 gxh3 26. Qe2 Ra4 27. f3 Ng5 28. Ng4 Kf7 29. Qf2 Qe7 30. Kh1 Kg6 31. Qh4 hxg2+ 32. Kxg2 Bh6 1-0

[Event "Sherbrooke-op C"]
[Site "Sherbrooke CAN"]
[Date "2005.05.28"]
[Round "3"]
[White "Dupont, Claude"]
[Black "Pelletier, Jacques"]
[Result "1-0"]
[WhiteElo "1384"]
[BlackElo "1471"]
[PlyCount "56"]
[GameId "2160767910968191"]
[EventDate "2005.05.27"]
[EventType "swiss"]
[EventRounds "5"]
[EventCountry "CAN"]
[SourceTitle "CBM 106 Extra"]
[Source "ChessBase"]
[SourceDate "2005.07.01"]
[SourceVersion "1"]
[SourceVersionDate "2005.07.01"]
[SourceQuality "1"]

1. e4 e5 2. Nf3 Nc6 3. d4 exd4 4. Nxd4 Bc5 5. Nxc6 Qf6 6. Qe2 dxc6 7. c3 Ne7 8. Be3 Bxe3 9. Qxe3 O-O 10. Bd3 Ng6 11. g3 Ne5 12. Be2 Bg4 13. Nd2 Bxe2 14. Qxe2 Rad8 15. O-O Nd3 16. Nb3 Rd7 17. Rad1 Rfd8 18. Nd4 c5 19. Nf5 Ne5 20. Rxd7 Rxd7 21. f4 Ng6 22. Rd1 Qd8 23. Rxd7 Qxd7 24. Kg2 a6 25. Qc4 Kf8 26. b3 Ne7 27. Nxe7 Kxe7 28. h4 Qd8 1-0

[Event "Sherbrooke-op C"]
[Site "Sherbrooke CAN"]
[Date "2005.05.28"]
[Round "3"]
[White "Germain, Emile"]
[Black "Dubois, Lise"]
[Result "1-0"]
[WhiteElo "1487"]
[BlackElo "1092"]
[PlyCount "103"]
[GameId "2160767910968192"]
[EventDate "2005.05.27"]
[EventType "swiss"]
[EventRounds "5"]
[EventCountry "CAN"]
[SourceTitle "CBM 106 Extra"]
[Source "ChessBase"]
[SourceDate "2005.07.01"]
[SourceVersion "1"]
[SourceVersionDate "2005.07.01"]
[SourceQuality "1"]

1. e4 e5 2. Nf3 d6 3. Nc3 Nf6 4. Bc4 Nc6 5. d3 Be7 6. Nd5 Na5 7. Nxf6+ Bxf6 8. Bb3 Nxb3 9. axb3 O-O 10. Be3 a6 11. Qd2 d5 12. Bc5 Re8 13. O-O b6 14. Ba3 Bb7 15. Qe2 a5 16. c4 d4 17. Qd2 c5 18. h3 Re6 19. Nh2 Be7 20. f4 Bd6 21. f5 Rh6 22. Rf3 f6 23. Qf2 Kf7 24. Ng4 Rh5 25. Rf1 Be7 26. Qd2 Qd6 27. Nh2 Rg8 28. g4 Rh4 29. Kh1 g5 30. Rg3 Rh8 31. Nf3 Rh6 32. Kg2 Rg8 33. Rh1 Ke8 34. Qe2 Qb8 35. h4 Kd7 36. Rgh3 Qa8 37. hxg5 Rxh3 38. Rxh3 Rg7 39. Kf1 Qb8 40. Qh2 Qh8 41. g6 Qa8 42. Rxh7 Bf8 43. g5 Bxe4 44. dxe4 Qxe4 45. Qh3 Kd6 46. gxf6 Qb1+ 47. Kg2 Qc2+ 48. Kg3 Rxh7 49. gxh7 e4 50. h8=Q exf3 51. Qxf8+ Ke5 52. Qe7# 1-0

[Event "Sherbrooke-op C"]
[Site "Sherbrooke CAN"]
[Date "2005.05.29"]
[Round "4"]
[White "Viens, Nicolas"]
[Black "Olivier, Luc"]
[Result "1/2-1/2"]
[WhiteElo "1348"]
[BlackElo "1234"]
[PlyCount "54"]
[GameId "2160767910968195"]
[EventDate "2005.05.27"]
[EventType "swiss"]
[EventRounds "5"]
[EventCountry "CAN"]
[SourceTitle "CBM 106 Extra"]
[Source "ChessBase"]
[SourceDate "2005.07.01"]
[SourceVersion "1"]
[SourceVersionDate "2005.07.01"]
[SourceQuality "1"]

1. e4 e5 2. Nf3 Nc6 3. Nc3 Nf6 4. Bb5 d6 5. d3 a6 6. Ba4 b5 7. Bb3 Na5 8. O-O Nxb3 9. axb3 c5 10. Nxb5 Bg4 11. Nc3 Be7 12. Bg5 O-O 13. Bxf6 Bxf6 14. h3 Be6 15. Nh2 g6 16. Qf3 Bg7 17. Nd5 Bxd5 18. exd5 f5 19. c3 a5 20. Ra4 Qb6 21. Ra3 a4 22. Rfa1 Rab8 23. bxa4 Qxb2 24. c4 Qb4 25. R1a2 Qb1+ 26. Nf1 Rb2 27. Ra1 Qc2 1/2-1/2

[Event "Sicotte II"]
[Site "Montreal CAN"]
[Date "2005.10.26"]
[Round "1"]
[White "Ayotte, Jocelyn"]
[Black "Malveau, Cedric"]
[Result "1/2-1/2"]
[WhiteElo "2057"]
[BlackElo "1942"]
[PlyCount "43"]
[GameId "2160767910834249"]
[EventDate "2005.10.27"]
[EventType "tourn"]
[EventRounds "5"]
[EventCountry "CAN"]

1. d4 Nf6 2. Nf3 e6 3. c4 Bb4+ 4. Nc3 b6 5. g3 Bb7 6. Bg2 O-O 7. O-O Bxc3 8. bxc3 d6 9. Bg5 Nbd7 10. Nd2 Bxg2 11. Kxg2 h6 12. Bxf6 Qxf6 13. e3 Qg6 14. Qa4 Nf6 15. Rac1 Ne4 16. Qc2 f5 17. f4 Nf6 18. Rfe1 Nh5 19. Kh1 Qg4 20. Qd1 Qh3 21. Qf3 Rae8 22. Qg2 1/2-1/2

[Event "Sicotte II"]
[Site "Montreal CAN"]
[Date "2005.10.26"]
[Round "1"]
[White "Libersan, Thierry"]
[Black "Gilman, Arkadiy"]
[Result "1-0"]
[WhiteElo "1918"]
[BlackElo "2227"]
[PlyCount "52"]
[GameId "2160767910834252"]
[EventDate "2005.10.27"]
[EventType "tourn"]
[EventRounds "5"]
[EventCountry "CAN"]
[SourceTitle "EXT 2007"]
[Source "ChessBase"]
[SourceDate "2006.11.23"]
[SourceVersion "1"]
[SourceVersionDate "2006.11.23"]
[SourceQuality "1"]

1. e4 e6 2. d4 d5 3. Nc3 Nf6 4. Bg5 Bb4 5. e5 h6 6. Bd2 Nfd7 7. Qg4 Bf8 8. Nf3 c5 9. Nb5 cxd4 10. c3 a6 11. Nd6+ Bxd6 12. exd6 Kf8 13. cxd4 Nf6 14. Qf4 g5 15. Qe3 Qxd6 16. Rc1 Nc6 17. Bd3 Bd7 18. Ne5 Ke7 19. a3 a5 20. O-O Ne4 21. Be1 Be8 22. f3 Nf6 23. Bg3 Qd8 24. f4 Nxe5 25. Qxe5 Rg8 26. fxg5 Ng4 1-0

[Event "Sicotte II"]
[Site "Montreal CAN"]
[Date "2005.10.26"]
[Round "1"]
[White "Sicotte, Marc"]
[Black "Bolduc, Steve"]
[Result "0-1"]
[WhiteElo "2030"]
[BlackElo "2307"]
[PlyCount "50"]
[GameId "2160767910834253"]
[EventDate "2005.10.27"]
[EventType "tourn"]
[EventRounds "5"]
[EventCountry "CAN"]

1. e4 c5 2. Nf3 d6 3. d4 cxd4 4. Nxd4 Nf6 5. Nc3 a6 6. f4 e5 7. Nf3 Nbd7 8. a4 Be7 9. Bd3 O-O 10. O-O exf4 11. a5 Nh5 12. Nd5 Ndf6 13. Nxf4 Nxf4 14. Bxf4 Bg4 15. Qe1 Qc7 16. e5 dxe5 17. Bxe5 Qc5+ 18. Bd4 Qd6 19. Bxf6 Bxf6 20. Qe4 Qc5+ 21. Kh1 Qh5 22. Qxb7 Rab8 23. Qxa6 Bxb2 24. Rab1 Bxf3 25. Rxf3 Be5 0-1

[Event "Sicotte II"]
[Site "Montreal CAN"]
[Date "2005.11.02"]
[Round "2"]
[White "Boudreau, Daniel"]
[Black "Libersan, Thierry"]
[Result "0-1"]
[WhiteElo "1984"]
[BlackElo "2139"]
[PlyCount "76"]
[GameId "2160767910834255"]
[EventDate "2005.10.27"]
[EventType "tourn"]
[EventRounds "5"]
[EventCountry "CAN"]

1. e4 c5 2. Nc3 Nc6 3. Nf3 g6 4. Bb5 Bg7 5. O-O e6 6. Bxc6 bxc6 7. e5 d6 8. exd6 Nf6 9. d4 Qxd6 10. dxc5 Qxc5 11. Be3 Qb4 12. a3 Qb8 13. Bc5 Nd7 14. Bd4 e5 15. Be3 Qxb2 16. Ne4 O-O 17. Qd2 Qb5 18. Rfd1 Qa4 19. Nd6 Nb6 20. Bh6 Bg4 21. Bxg7 Bxf3 22. Qh6 Qg4 23. g3 f6 24. Bxf8 Rxf8 25. Rd3 Bd5 26. Re1 Qa4 27. Rde3 Qxc2 28. R3e2 Qb3 29. Re3 Qc2 30. h4 Qc5 31. Nb7 Qe7 32. Na5 Qd7 33. Kh2 Qf5 34. f4 Rb8 35. R3e2 Nd7 36. Rc1 Qd3 37. Rec2 Rb1 38. f5 Qxc2+ 0-1

[Event "Sicotte II"]
[Site "Montreal CAN"]
[Date "2005.11.02"]
[Round "2"]
[White "Malveau, Cedric"]
[Black "Sicotte, Marc"]
[Result "1-0"]
[WhiteElo "1942"]
[BlackElo "2030"]
[PlyCount "57"]
[GameId "2160767910834258"]
[EventDate "2005.10.27"]
[EventType "tourn"]
[EventRounds "5"]
[EventCountry "CAN"]

1. d4 Nf6 2. c4 e6 3. Nf3 b6 4. a3 Be7 5. Nc3 Bb7 6. d5 O-O 7. e4 d6 8. Be2 c5 9. O-O exd5 10. exd5 Nbd7 11. h3 Re8 12. Bd3 Nf8 13. Ne2 Ng6 14. Ng3 Bc8 15. Qc2 Bd7 16. Bd2 a5 17. h4 Bg4 18. Ng5 Nf8 19. f3 Bd7 20. Nh5 g6 21. Nf4 h6 22. Nxf7 Kxf7 23. Bxg6+ Kg7 24. Rae1 Ra7 25. Bxe8 Bxe8 26. Re2 b5 27. b3 a4 28. bxa4 bxc4 29. Rfe1 1-0

[Event "Sicotte II"]
[Site "Montreal CAN"]
[Date "2005.11.09"]
[Round "3"]
[White "Marcone, Malcom"]
[Black "Bolduc, Steve"]
[Result "0-1"]
[WhiteElo "2015"]
[BlackElo "2307"]
[PlyCount "54"]
[GameId "2160767910834262"]
[EventDate "2005.10.27"]
[EventType "tourn"]
[EventRounds "5"]
[EventCountry "CAN"]

1. d4 Nf6 2. c4 e6 3. Nc3 Bb4 4. f3 d5 5. a3 Bxc3+ 6. bxc3 O-O 7. e3 c5 8. Bd3 dxc4 9. Bxc4 Nbd7 10. Ne2 e5 11. O-O Qc7 12. Ba2 b6 13. e4 Ba6 14. Re1 Rac8 15. dxe5 Nxe5 16. Bf4 Rfe8 17. Bg5 Qc6 18. Nf4 c4 19. Bxf6 Qxf6 20. Qa4 b5 21. Qa5 Qxf4 22. Qxa6 Rc6 23. Qxa7 Nxf3+ 24. gxf3 Qxf3 25. Qf2 Rg6+ 26. Kf1 Qh3+ 27. Ke2 Qd3# 0-1

[Event "Sicotte II"]
[Site "Montreal CAN"]
[Date "2005.11.16"]
[Round "4"]
[White "Boudreau, Daniel"]
[Black "Sicotte, Marc"]
[Result "1/2-1/2"]
[WhiteElo "1984"]
[BlackElo "2030"]
[PlyCount "95"]
[GameId "2160767910834264"]
[EventDate "2005.10.27"]
[EventType "tourn"]
[EventRounds "5"]
[EventCountry "CAN"]

1. e4 c5 2. Nf3 e6 3. Nc3 Nc6 4. Bb5 Nd4 5. O-O a6 6. Bd3 d6 7. Nxd4 cxd4 8. Ne2 e5 9. c3 dxc3 10. Nxc3 Nf6 11. Bc2 Bg4 12. f3 Be6 13. f4 Be7 14. Kh1 Bg4 15. Qe1 exf4 16. Rxf4 Bh5 17. d4 O-O 18. Be3 Bg6 19. Bb3 Re8 20. Rd1 Qa5 21. Bd2 Qb6 22. Qf2 Rf8 23. g4 Rac8 24. g5 Nh5 25. Rh4 Qd8 26. Rg4 Qd7 27. Rdg1 Kh8 28. Nd5 Bd8 29. h4 Re8 30. Nc3 b5 31. Bd5 b4 32. Ne2 Rc2 33. Bxb4 f5 34. R4g2 fxe4 35. Rf1 Be7 36. Kh2 Qb5 37. Bb3 Rxe2 38. Qxe2 Qxb4 39. Bf7 Qxd4 40. Bxe8 Bxe8 41. Qg4 Qe5+ 42. Kg1 g6 43. Qc8 Qc5+ 44. Qxc5 dxc5 45. Rg4 Bc6 46. Rf7 Bd6 47. Kf2 c4 48. Ke2 1/2-1/2

[Event "Sicotte II"]
[Site "Montreal CAN"]
[Date "2005.11.16"]
[Round "4"]
[White "Libersan, Thierry"]
[Black "Ayotte, Jocelyn"]
[Result "1/2-1/2"]
[WhiteElo "2139"]
[BlackElo "2057"]
[PlyCount "101"]
[GameId "2160767910834267"]
[EventDate "2005.10.27"]
[EventType "tourn"]
[EventRounds "5"]
[EventCountry "CAN"]

1. e4 c6 2. d4 d5 3. e5 Bf5 4. g4 Bg6 5. Ne2 e6 6. h4 h6 7. Nf4 Bh7 8. Rh3 c5 9. c4 Nc6 10. cxd5 Nxd4 11. Qxd4 cxd4 12. Bb5+ Qd7 13. Bxd7+ Kxd7 14. Rb3 b6 15. dxe6+ fxe6 16. Na3 Bxa3 17. Rxa3 Ne7 18. Ne2 Nc6 19. Bf4 Nb4 20. Nxd4 Nd3+ 21. Rxd3 Bxd3 22. Rd1 Be4 23. Nf5+ Bd5 24. Nxg7 Ke7 25. Nh5 Raf8 26. Nf6 Rxf6 27. exf6+ Kxf6 28. Be3 Rg8 29. g5+ hxg5 30. Bxg5+ Kf5 31. b3 Rc8 32. Rc1 Rxc1+ 33. Bxc1 Kg4 34. Bg5 a5 35. Bd8 a4 36. bxa4 Bxa2 37. Bxb6 Kxh4 38. Kd2 Kg5 39. Bc5 Kf6 40. Kc3 Kf7 41. Kb4 Ke8 42. Kb5 Kd7 43. Kb6 Kc8 44. Bd6 Bd5 45. a5 Bf3 46. Be5 Be4 47. f4 Bf3 48. a6 Be4 49. Kc5 Bd3 50. a7 Kb7 51. Kd6 1/2-1/2

[Event "Sicotte II"]
[Site "Montreal CAN"]
[Date "2005.11.16"]
[Round "4"]
[White "Malveau, Cedric"]
[Black "Marcone, Malcom"]
[Result "1-0"]
[WhiteElo "1942"]
[BlackElo "2015"]
[PlyCount "25"]
[GameId "2160767910834268"]
[EventDate "2005.10.27"]
[EventType "tourn"]
[EventRounds "5"]
[EventCountry "CAN"]

1. e4 e6 2. d4 d5 3. Nc3 Bb4 4. Bd2 dxe4 5. Qg4 Nf6 6. Qxg7 Rg8 7. Qh6 Nc6 8. O-O-O Rg6 9. Qh4 Rg4 10. Qh3 Qxd4 11. Bg5 Rxg5 12. Rxd4 Nxd4 13. Qe3 1-0

[Event "Sicotte II"]
[Site "Montreal CAN"]
[Date "2005.11.23"]
[Round "5"]
[White "Bolduc, Steve"]
[Black "Malveau, Cedric"]
[Result "1-0"]
[WhiteElo "2192"]
[BlackElo "2115"]
[PlyCount "59"]
[GameId "2160767910834270"]
[EventDate "2005.10.27"]
[EventType "tourn"]
[EventRounds "5"]
[EventCountry "CAN"]
[SourceTitle "EXT 2007"]
[Source "ChessBase"]
[SourceDate "2006.11.23"]
[SourceVersion "1"]
[SourceVersionDate "2006.11.23"]
[SourceQuality "1"]

1. d4 Nf6 2. c4 e6 3. Nc3 Bb4 4. Nf3 b6 5. Bg5 h6 6. Bh4 g5 7. Bg3 Ne4 8. Nd2 Nxc3 9. Qc2 Nxe2 10. Bxe2 Bb7 11. O-O Bxd2 12. Qxd2 d6 13. f4 O-O 14. d5 exd5 15. fxg5 hxg5 16. h4 f6 17. hxg5 fxg5 18. Rxf8+ Qxf8 19. Rf1 Qe7 20. Rf5 Nd7 21. Rxg5+ Kf8 22. Qf4+ Nf6 23. Rf5 Qxe2 24. Rxf6+ Ke7 25. Rf7+ Ke8 26. Rf8+ Kd7 27. Qf5+ Kc6 28. Qxd5+ Kd7 29. Qf5+ Kc6 30. Qb5# 1-0

[Event "Sicotte II"]
[Site "Montreal CAN"]
[Date "2005.11.23"]
[Round "5"]
[White "Sicotte, Marc"]
[Black "Libersan, Thierry"]
[Result "0-1"]
[WhiteElo "2030"]
[BlackElo "2139"]
[PlyCount "70"]
[GameId "2160767910834273"]
[EventDate "2005.10.27"]
[EventType "tourn"]
[EventRounds "5"]
[EventCountry "CAN"]

1. c4 e5 2. Nc3 Nf6 3. Nf3 d6 4. g3 Be7 5. Bg2 O-O 6. d4 Nbd7 7. O-O c6 8. d5 c5 9. Ne1 Ne8 10. e4 g6 11. Nd3 f5 12. f4 Bf6 13. exf5 gxf5 14. fxe5 Nxe5 15. Nf4 Ng7 16. Ne6 Nxe6 17. dxe6 Bxe6 18. Bd5 Qd7 19. Rxf5 Kh8 20. Rf4 Ng6 21. Rxf6 Rxf6 22. Ne4 Rf5 23. Bd2 Raf8 24. Bc3+ Kg8 25. Qe2 Bxd5 26. cxd5 Ne5 27. Kg2 b5 28. a3 c4 29. Rd1 h5 30. h4 Nd3 31. Rxd3 cxd3 32. Qxd3 Qf7 33. Qd4 Re5 34. Qd3 Rxe4 35. Qxe4 Qf1+ 0-1

[Event "Sicotte II"]
[Site "Montreal CAN"]
[Date "2005.11.30"]
[Round "6"]
[White "Ayotte, Jocelyn"]
[Black "Sicotte, Marc"]
[Result "1/2-1/2"]
[WhiteElo "2057"]
[BlackElo "2030"]
[PlyCount "119"]
[GameId "2160767910834274"]
[EventDate "2005.10.27"]
[EventType "tourn"]
[EventRounds "5"]
[EventCountry "CAN"]

1. d4 Nf6 2. c4 g6 3. Nf3 Bg7 4. Nc3 d5 5. g3 O-O 6. Bg2 c5 7. dxc5 Qa5 8. O-O dxc4 9. Qd4 Nc6 10. Qxc4 Be6 11. Qb5 Qxb5 12. Nxb5 Rad8 13. Nc3 Rd7 14. Bf4 Nd5 15. Bd2 Nd4 16. Nxd4 Bxd4 17. c6 bxc6 18. Rac1 Nxc3 19. Bxc3 Bxc3 20. Rxc3 Rb8 21. b3 Rd2 22. Ra1 Rxe2 23. Bf1 Rb2 24. Bd3 Rd8 25. Rc2 Rxc2 26. Bxc2 Rd2 27. Rc1 Bd5 28. Kf1 Bf3 29. Ke1 Rd5 30. b4 Re5+ 31. Kf1 c5 32. Rb1 Kg7 33. b5 Be2+ 34. Kg2 c4 35. a4 Bd3 36. Bxd3 cxd3 37. Rd1 Re4 38. Rxd3 Rxa4 39. Rb3 g5 40. b6 axb6 41. Rxb6 h5 42. Rc6 g4 43. Rb6 e6 44. Rb7 Ra2 45. Rc7 Ra3 46. Rb7 Ra2 47. Rc7 e5 48. Re7 Kf6 49. Re8 Ra6 50. Rh8 Kg5 51. Rf8 f5 52. Rg8+ Rg6 53. Re8 e4 54. Re7 Ra6 55. Re8 Ra2 56. Re7 Kf6 57. Re8 Re2 58. Kf1 Ra2 59. Kg1 Ra3 60. Kg2 1/2-1/2

[Event "Sicotte II"]
[Site "Montreal CAN"]
[Date "2005.11.30"]
[Round "6"]
[White "Boudreau, Daniel"]
[Black "Marcone, Malcom"]
[Result "0-1"]
[WhiteElo "1984"]
[BlackElo "2015"]
[PlyCount "48"]
[GameId "2160767910834275"]
[EventDate "2005.10.27"]
[EventType "tourn"]
[EventRounds "5"]
[EventCountry "CAN"]

1. e4 e6 2. d4 d5 3. e5 c5 4. c3 Qb6 5. Nf3 Nc6 6. a3 Nh6 7. b4 cxd4 8. cxd4 Nf5 9. Bb2 a5 10. b5 a4 11. g4 Nh6 12. h3 f6 13. Bc1 Nxd4 14. Qxd4 Bc5 15. Qd2 fxe5 16. Nxe5 O-O 17. f4 Nf7 18. Nxf7 Rxf7 19. Nc3 Bd6 20. Nxd5 exd5 21. Qxd5 Be6 22. Qf3 Qd4 23. Bd3 Bd5 24. Qe3 Re7 0-1

[Event "Sicotte II"]
[Site "Montreal CAN"]
[Date "2005.11.30"]
[Round "6"]
[White "Gilman, Arkadiy"]
[Black "Bolduc, Steve"]
[Result "0-1"]
[WhiteElo "2227"]
[BlackElo "2192"]
[PlyCount "58"]
[GameId "2160767910834276"]
[EventDate "2005.10.27"]
[EventType "tourn"]
[EventRounds "5"]
[EventCountry "CAN"]
[SourceTitle "EXT 2007"]
[Source "ChessBase"]
[SourceDate "2006.11.23"]
[SourceVersion "1"]
[SourceVersionDate "2006.11.23"]
[SourceQuality "1"]

1. d4 Nf6 2. c4 e6 3. Nc3 Bb4 4. Bg5 h6 5. Bh4 c5 6. d5 b5 7. dxe6 fxe6 8. cxb5 d5 9. e3 O-O 10. Nf3 Qa5 11. Qc2 a6 12. Be2 axb5 13. O-O Bxc3 14. bxc3 Nc6 15. Rfb1 c4 16. Nd4 Nxd4 17. exd4 Ne4 18. Rc1 b4 19. cxb4 Qxb4 20. f3 Nf6 21. Bf2 Bd7 22. Bd1 Ra3 23. Rcb1 Qa5 24. Qe2 Ra8 25. Rb2 Qa6 26. Qe5 Kf7 27. Bh4 c3 28. Rf2 Qc4 29. Bb3 Rxb3 0-1

[Event "Sicotte II"]
[Site "Montreal CAN"]
[Date "2005.12.07"]
[Round "7"]
[White "Bolduc, Steve"]
[Black "Boudreau, Daniel"]
[Result "1/2-1/2"]
[WhiteElo "2307"]
[BlackElo "1984"]
[PlyCount "41"]
[GameId "2160767910834279"]
[EventDate "2005.10.27"]
[EventType "tourn"]
[EventRounds "5"]
[EventCountry "CAN"]

1. d4 Nf6 2. c4 e6 3. Nc3 c5 4. d5 exd5 5. cxd5 d6 6. e4 g6 7. h3 a6 8. a4 Bg7 9. Nf3 O-O 10. Bd3 Nh5 11. O-O Nd7 12. Bg5 Bf6 13. Be3 Re8 14. Qd2 Ne5 15. Nxe5 Bxe5 16. Be2 Qf6 17. Bg5 Qg7 18. Bh6 Qf6 19. Bg5 Qg7 20. Bh6 Qf6 21. Bg5 1/2-1/2

[Event "Sicotte II"]
[Site "Montreal CAN"]
[Date "2005.12.07"]
[Round "7"]
[White "Malveau, Cedric"]
[Black "Gilman, Arkadiy"]
[Result "1/2-1/2"]
[WhiteElo "2115"]
[BlackElo "2227"]
[PlyCount "93"]
[GameId "2160767910834281"]
[EventDate "2005.10.27"]
[EventType "tourn"]
[EventRounds "5"]
[EventCountry "CAN"]
[SourceTitle "EXT 2007"]
[Source "ChessBase"]
[SourceDate "2006.11.23"]
[SourceVersion "1"]
[SourceVersionDate "2006.11.23"]
[SourceQuality "1"]

1. e4 e6 2. d4 d5 3. Nc3 Nf6 4. e5 Nfd7 5. f4 c5 6. Nf3 Nc6 7. Be3 cxd4 8. Nxd4 Bc5 9. Qd2 O-O 10. O-O-O Nxd4 11. Bxd4 a6 12. Qe3 b6 13. Bd3 Bb7 14. Kb1 Qc7 15. Rhe1 Bxd4 16. Qxd4 Qc5 17. Ne2 g6 18. g4 f6 19. exf6 Rxf6 20. f5 e5 21. Qxc5 Nxc5 22. Ng3 e4 23. Bf1 gxf5 24. Nxf5 Kf8 25. c4 Rd8 26. b4 Na4 27. Kc2 b5 28. c5 Bc8 29. Bh3 h5 30. Rf1 Bxf5 31. gxf5 d4 32. Rf4 Nc3 33. Re1 Rf7 34. f6 Nd5 35. Rfxe4 d3+ 36. Kd2 Rxf6 37. Rf1 Kg7 38. Rxf6 Kxf6 39. Rd4 Ke5 40. Rxd3 Rf8 41. a3 Rf2+ 42. Ke1 Rxh2 43. Bc8 Ke4 44. Bf5+ Ke5 45. Bc8 Ke4 46. Bf5+ Ke5 47. Bc8 1/2-1/2

[Event "Sicotte II"]
[Site "Montreal CAN"]
[Date "2005.12.14"]
[Round "8"]
[White "Ayotte, Jocelyn"]
[Black "Marcone, Malcom"]
[Result "1-0"]
[WhiteElo "2057"]
[BlackElo "2015"]
[PlyCount "105"]
[GameId "2160767910834284"]
[EventDate "2005.10.27"]
[EventType "tourn"]
[EventRounds "5"]
[EventCountry "CAN"]

1. Nf3 e6 2. d4 f5 3. b3 Nf6 4. g3 b5 5. Bg2 Bb7 6. O-O Be7 7. c4 a6 8. Bb2 O-O 9. Nbd2 Qe8 10. e3 Ra7 11. Ne5 Bxg2 12. Kxg2 d6 13. Nd3 Qc6+ 14. Kg1 g5 15. f3 Nbd7 16. Qe2 Nh5 17. e4 f4 18. g4 Ng7 19. Rac1 Qb6 20. Kg2 c5 21. dxc5 Nxc5 22. Bd4 e5 23. Bf2 Nge6 24. Nb4 a5 25. Nd5 Qb7 26. cxb5 Raa8 27. a4 Rf7 28. Rc4 Bf8 29. Rh1 h5 30. h3 Nc7 31. Nxc7 Rxc7 32. Bxc5 dxc5 33. Nb1 Rd8 34. Rcc1 c4 35. Rxc4 Rcd7 36. Rcc1 Qa7 37. Rhd1 Rxd1 38. Rxd1 Rxd1 39. Qxd1 Qe3 40. Qd2 Qxb3 41. Qd5+ Qxd5 42. exd5 hxg4 43. hxg4 Bc5 44. Nc3 Kf7 45. Ne4 Be7 46. b6 Bd8 47. b7 Bc7 48. Nxg5+ Ke7 49. Ne4 Bb8 50. g5 Kf7 51. Kh3 Bc7 52. Kg4 Kg6 53. d6 1-0

[Event "Sicotte II"]
[Site "Montreal CAN"]
[Date "2005.12.14"]
[Round "8"]
[White "Boudreau, Daniel"]
[Black "Malveau, Cedric"]
[Result "1-0"]
[WhiteElo "1984"]
[BlackElo "1942"]
[PlyCount "119"]
[GameId "2160767910834285"]
[EventDate "2005.10.27"]
[EventType "tourn"]
[EventRounds "5"]
[EventCountry "CAN"]

1. e4 c5 2. Nf3 d6 3. Bb5+ Bd7 4. Bxd7+ Qxd7 5. O-O Nc6 6. d4 cxd4 7. Nxd4 Nf6 8. Nc3 g6 9. Bg5 Bg7 10. Nde2 O-O 11. Qd2 Ne5 12. b3 Rac8 13. Rad1 Qc6 14. Nd5 Nxd5 15. exd5 Qe8 16. c4 Rc7 17. Nd4 a6 18. Rfe1 Ng4 19. h3 Nf6 20. a4 Qc8 21. Re2 Re8 22. Rde1 Kf8 23. Qf4 Nh5 24. Qh4 Bf6 25. Bxf6 Nxf6 26. Qh6+ Kg8 27. Nf3 e5 28. dxe6 Rxe6 29. Ng5 Rxe2 30. Rxe2 Qf8 31. Qh4 h6 32. Nf3 Kg7 33. Qd4 Re7 34. Rd2 Re6 35. Rd1 Qe7 36. g4 g5 37. Qc3 Re4 38. Nd4 Qe5 39. Nf5+ Kg6 40. Qxe5 dxe5 41. Rd6 h5 42. f3 Rf4 43. Kg2 hxg4 44. fxg4 e4 45. Rb6 Rf3 46. Nd6 Rf4 47. Rxb7 Nxg4 48. hxg4 Rxg4+ 49. Kf2 f5 50. Rb6 Rf4+ 51. Ke2 Kh5 52. Nf7 Rf3 53. Rh6+ Kg4 54. Ne5+ Kg3 55. Nxf3 exf3+ 56. Kf1 Kf4 57. c5 g4 58. c6 g3 59. c7 Ke3 60. Re6+ 1-0

[Event "Sicotte II"]
[Site "Montreal CAN"]
[Date "2005.12.14"]
[Round "8"]
[White "Libersan, Thierry"]
[Black "Bolduc, Steve"]
[Result "0-1"]
[WhiteElo "1918"]
[BlackElo "2192"]
[PlyCount "82"]
[GameId "2160767910834288"]
[EventDate "2005.10.27"]
[EventType "tourn"]
[EventRounds "5"]
[EventCountry "CAN"]
[SourceTitle "EXT 2007"]
[Source "ChessBase"]
[SourceDate "2006.11.23"]
[SourceVersion "1"]
[SourceVersionDate "2006.11.23"]
[SourceQuality "1"]

1. e4 c5 2. Nf3 d6 3. d4 cxd4 4. Nxd4 Nf6 5. Nc3 a6 6. Be2 e5 7. Nb3 Be7 8. a4 O-O 9. O-O Nbd7 10. a5 Qc7 11. Be3 Nc5 12. Nxc5 dxc5 13. f3 Be6 14. Nd5 Bxd5 15. exd5 Rad8 16. c4 Ne8 17. Bd3 f5 18. Qc2 g6 19. Bd2 Bd6 20. Bc3 Nf6 21. Rae1 e4 22. fxe4 Bxh2+ 23. Kh1 Ng4 24. exf5 Bg1 25. g3 Bd4 26. Rf4 Ne3 27. Qh2 Bxc3 28. bxc3 Nxf5 29. Bxf5 gxf5 30. g4 Qg7 31. gxf5 Kh8 32. Rg1 Qe7 33. Qf2 Rf6 34. Rg3 Re8 35. Kg1 Qc7 36. Re3 Rg8+ 37. Kf1 Qxa5 38. Rfe4 Qa1+ 39. Ke2 Qb2+ 40. Ke1 Rg1+ 41. Qxg1 Qc1+ 0-1